Normal view
MARC view
- سيناريوهات - حوارات - فن الحوار
Entry Topical Term
001 - CONTROL NUMBER
- control field: 32315
003 - CONTROL NUMBER IDENTIFIER
- control field: JO-AjAnu
005 - DATE AND TIME OF LATEST TRANSACTION
- control field: 20230606075431.0
008 - FIXED-LENGTH DATA ELEMENTS
- fixed length control field: 230606|| aca||aabn | a|a d
040 ## - CATALOGING SOURCE
- Original cataloging agency: JO-AjAnu
- Transcribing agency: JO-AjAnu
150 ## - HEADING--TOPICAL TERM
- Topical term or geographic name entry element: سيناريوهات - حوارات - فن الحوار
670 ## - SOURCE DATA FOUND
- Source citation: Work cat.: (JO-AjAnu)16599: ترجمة نبيل، أميرة ؛ إشراف علمي عبد الرحمن توفيق, author 32314, السيناريو فن الحوار الإستراتيجي